Phases of Mitosis - Statistics

General Stats
  • This quiz has been taken 118 times
    117 since last reset
  • The average score is 4 of 5
Answer Stats
Picture Answer % Correct
Anaphase
93%
Metaphase
89%
Prophase
89%
Telophase
86%
Cytokinesis
73%
No matching quizzes found
Score Distribution
Percent of People with Each Score
Percentile by Number Answered
Your Score History
You have not taken this quiz since the last reset